Music Quiz

Random Music or Billboard Quiz
Score 0/106 Timer 15:00
11 Plays Today
Word Count % Correct
84I
96.2%
64A
96.1%
136You
93.8%
98Love
93.8%
135The
93%
69Me
84.9%
57To
79.8%
15We
78%
29Be
77.6%
44On
76.8%
22Do
76.2%
6U
75.8%
46In
73.9%
13Go
73.5%
25and
72.6%
11No
71.1%
6So
70.6%
41It
68.9%
56My
67.7%
23Is
67.3%
26Your
66.9%
20For
65.2%
7Can
64.7%
54of
63.1%
11Are
61.6%
16Girl
60.6%
8When
58.5%
22One / 1
58.2%
12Man
57.6%
16What
55.9%
8Boy
55.5%
8Two / 2 / II
53.9%
20Like
53%
7Woman
52.8%
15That
51.7%
28Don't
51.2%
Word Count % Correct
14Up
51%
20All
50.5%
11Will
50.3%
15Heart
49.9%
7If
49.6%
16This
47.9%
7Too
47.9%
19With
47.8%
20Baby
47.8%
8How
47%
9Have
46.4%
13Time
46%
8There
45.6%
17Can't
45.3%
15Want
45%
7Down
43.6%
18Night
43.3%
11From
41.4%
13Get
41.1%
8Good
40.5%
12You're
40.2%
8Out
40.2%
12Say
39.2%
10Just
38.8%
6Life
37.9%
19I'm
37.7%
8It's
37.1%
8Know
36.4%
7Live
36.3%
11Now
36.3%
9Come
35.1%
8Take
35%
9Give
34.8%
14Way
34.4%
14Bad
33.6%
9Got
33.6%
Word Count % Correct
7Song
33.3%
6Over
33%
8Make
32.7%
10More
32.4%
8Kiss
30.9%
12Back
30.5%
7World
30.2%
9I'll
27%
8Black
26.7%
6Eyes
26%
9Together
23.6%
8Without
23.4%
6Away
22.9%
6Stop
22.8%
7Little
22.1%
6Hold
21.1%
9Again
20.9%
10Rock
20.8%
6Lady
20.5%
7About
20.2%
6Girls
20.1%
6Tonight
19%
6Loves
18%
11Part
17.6%
8Hey
17.3%
6Let's
16.5%
6Keep
16%
7Gonna
15.8%
6Fire
15.6%
8Everything
15.1%
6Mr
10.3%
7Angel
10.2%
8Shake
8%
13Theme
4.5%
Remove Ads.
Support Sporcle.
Get the best of Sporcle when you Go Orange. This ad-free experience offers more features, more stats, and more fun while also helping to support Sporcle. Thank you for becoming a member.

You're not logged in!

Compare scores with friends on all Sporcle quizzes.
OR
Log In

Sporcle TV

Today on Sporcle TV


Watch our educational content, quiz creation guides, and fun videos on Sporcle TV.

Show Comments

Extras

Top Quizzes Today


Score Distribution

Paid Content

Your Account Isn't Verified!

In order to create a playlist on Sporcle, you need to verify the email address you used during registration. Go to your Sporcle Settings to finish the process.

Report this User

Report this user for behavior that violates our Community Guidelines.

Details: